| 000 | 00507nam a2200169Ia 4500 | ||
|---|---|---|---|
| 008 | 230917s9999||||xx |||||||||||||| ||und|| | ||
| 020 | _cRS 900.00 | ||
| 040 |
_e5015588 _aMAIN |
||
| 041 | _aEnglish | ||
| 082 | _a302.30285 M278V | ||
| 100 | _aMaheshwari, Arun | ||
| 245 | 0 | _aVarchasav ki ldai ka varsh 2015 aur facebook ki Ibaratein | |
| 260 |
_aNew Delhi _bAnamika Publishers and Distributors _c2019 |
||
| 300 | _axxvii, 321 p. | ||
| 500 | _a3968 08/01/2020 KBS20/28 06/02/2020 Main Budget | ||
| 942 | _cBK | ||
| 999 |
_c1393 _d1393 |
||